000 01205nam a22003617a 4500
003 CHAP
005 20220329134933.0
008 971013s1979 r 00010 d
010 _a28364
011 _a29336
035 _a33447
040 _cCHAP
090 _aFolleto 9880
100 0 0 _aMcIntyre, D. S.
_973611
245 _aSodicity, hydraulic conductivity and swelling of clays soils
260 _aMelbourne :
_bCommonwealth Scientific and Industrial Research organization. División of Soils,
_c1979
300 _a9 p
490 _aDivisional report
_v; 39
590 _aBATCH-UPD
_b10
_c20130110
_lUCH01
_h0040
590 _aBATCH-UPD
_b10
_c20130110
_lUCH01
_h1855
590 _aBATCH-UPD
_b10
_c20130409
_lUCH01
_h2025
590 _aBATCH-UPD
_b10
_c20130410
_lUCH01
_h1223
590 _aBATCH-UPD
_b10
_c20130914
_lUCH01
_h1028
590 _aCONVERSION
_b10
_c20130109
_lUCH01
_h1316
650 1 4 _aConductividad hidráulica.
_926345
650 1 4 _aSuelos salinos.
_9110558
650 1 4 _aSuelos
_xPercolación.
_9110457
700 0 _aLoveday, J.
_968647
830 0 _aDivisional report
_v; 39
_933024
901 _aBK
942 _cFOLL
949 _aFolleto 9880
_bBC
_cFOLL
_d-77824
_eTS1
_i33447
_mD
_si
999 _c28364
_d28364